Statistics for Guess the Language — UDHR

Click here to take the quiz!

General Stats

  • This quiz has been taken 160 times
  • The average score is 18 of 24

Answer Stats

Answer% Correct
English
97%
German
91%
French
91%
Portuguese
89%
Spanish
89%
Russian
88%
Korean
86%
Chinese
83%
Japanese
83%
Italian
83%
Greek
83%
Arabic
82%
Dutch
82%
Vietnamese
78%
Hebrew
77%
Swedish
73%
Hindi
72%
Thai
67%
Persian
61%
Turkish
61%
Urdu
53%
Malay
41%
Swahili
33%
Marathi
23%

Score Distribution

Percentile by Number Answered

Percent of People with Each Score

Your Score History

You have not taken this quiz